000 00659nas a2200217 4500
001 BR9606503
003 BR-BrBNA
005 20231205095848.0
007 ta
008 230509b bl.|||p| |||| 00| 00por d
040 _aBR-BrBNA
_bpor
_cBiblioteca Nacional de Agricultura
041 _a(Pt)
072 _aE50
100 1 _aCiprandi, O.
100 1 _aFert Neto, J.
245 1 _aAs perspecitvas da pequena producao familiar na agricultura
650 _aAgricultura de Subsistencia
773 0 _tCiencia Rural (Brazil)
_xISSN 0103-8478
_g(Jan-Apr 1996), v. 26(1) p. 135-141
_wBR9606503
909 _a202311
_bLúcia
_c55
_dLúcia Elande
942 _2AGRIS
_n0
_cANA
999 _c153148
_d153148